Lecciones sobre responsabilidad civil

Đã lưu trong:
Chi tiết về thư mục
Tác giả chính: Angel Yágüez, Ricardo de (Tác giả)
Định dạng: Sách
Ngôn ngữ:Tiếng Tây Ban Nha
Được phát hành: Bilbao Universidad de Deusto 1978
Loạt:Manuales Universitarios, 3
Những chủ đề:
Các nhãn: Thêm thẻ
Không có thẻ, Là người đầu tiên thẻ bản ghi này!

MARC

LEADER 00000nam a2200000 a 4500
001 UCS1138
003 CL-VaPUC
008 970509e19780000SP |||||||||||||||||spa|d
082 0 4 |a 346.02  |b ANG  |2 21 
100 |a Angel Yágüez, Ricardo de  |e author  |9 296769 
245 1 0 |a Lecciones sobre responsabilidad civil 
300 |a 158 p 
942 |c BK 
945 |d 19970509 00:00:00  |a cmena 
260 |a Bilbao  |b Universidad de Deusto  |c 1978 
650 0 |a Responsabilidad contractual  |9 256720 
650 0 |a Obligaciones   |9 255578 
650 0 |a Derecho civil  |9 255013 
650 0 |a Derecho español  |9 255291 
650 0 |a Código civil  |9 256135 
650 7 |a INDEMNIZACION POR PERJUICIOS  |2 CL-VaPUC  |9 385260 
650 0 |a Derecho privado  |9 258243 
650 7 |a RESPONSABILIDAD CIVIL  |2 CL-VaPUC  |9 385278 
651 0 |a España  |9 254926 
583 |a last modification  |c 19970509 00:00:00  |k Rodrigo Vera 
490 0 |a Manuales Universitarios, 3 
999 |c 259241  |d 259239 
952 |0 0  |1 0  |4 0  |6 346_020000000000000_ANG_1978  |7 0  |8 A  |9 283883  |a BIBDER  |b BIBDER  |d 2019-11-19  |i 1844512  |o 346.02 ANG 1978  |p 1844512  |r 2023-01-25  |w 2019-11-19  |y BK  |k DER